| 000 | 01109pam a2200313 a 4500 | ||
|---|---|---|---|
| 999 |
_c7548 _d7548 |
||
| 001 | 1541555 | ||
| 003 | OSt | ||
| 005 | 20211126162408.0 | ||
| 008 | 910216s1991 enka 001 0 eng | ||
| 010 | _a 91009214 | ||
| 020 | _a0521404886 (hardpaper) | ||
| 020 | _a0521406676 (paperback) | ||
| 040 |
_aDLC _cDLC _dDLC |
||
| 050 | 0 | 0 |
_aQC173 _b.T25 1991 |
| 082 | 0 | 0 |
_a530.4TAB 1991 _220 |
| 100 | 1 |
_aTabor, David. _913929 |
|
| 245 | 1 | 0 |
_aGases, liquids, and solids : _band other states of matter / _cD. Tabor. |
| 250 | _a3rd ed. | ||
| 260 |
_aCambridge ; _aNew York : _bCambridge University Press, _c1991. |
||
| 300 |
_axxi, 418 p. : _bill. ; _c24 cm. |
||
| 500 | _aIncludes index. | ||
| 650 | 0 |
_aMatter. _913930 |
|
| 650 | 0 |
_aMatter _xProperties. _91035 |
|
| 856 | 4 | 2 |
_3Publisher description _uhttp://www.loc.gov/catdir/description/cam024/91009214.html |
| 856 | 4 | 1 |
_3Table of contents _uhttp://www.loc.gov/catdir/toc/cam021/91009214.html |
| 906 |
_a7 _bcbc _corignew _d1 _eocip _f19 _gy-gencatlg |
||
| 942 |
_2ddc _cO_SHELF |
||